000 00857cam a22002534a 4500
003 OSt
005 20260205131451.0
008 000502s2000 enk b 001 0 eng
020 _a0714651060
_qcloth
020 _a071468144X
_qpbk.
020 _a9780714681443
_q(cloth)
040 _aKABLIB
_cKABLIB
_beng
_erda
082 0 0 _a327.1
_223
_bDEM
245 0 0 _aDemocracy assistance :
_binternational co-operation for democratization /
_cedited by Peter Burnell.
260 _aLondon ;
_bFrank Cass,
_c2000.
300 _a376 p. ;
_c24 cm.
504 _aIncludes bibliographical references (p. [361]-367) and index.
650 0 _aDemocratization
_xInternational cooperation.
_915326
650 0 _aDemocracy.
650 0 _aTechnical assistance.
_910262
650 0 _aLegal technical assistance.
_915327
700 1 _aBurnell, Peter J.
_915328
942 _2ddc
_cBOOK
999 _c6050
_d6050